000 00423nam a2200157Ia 4500
008 230917s9999||||xx |||||||||||||| ||und||
020 _cPOU2.6
040 _e3752
_aMAIN
041 _aEnglish
082 _a301.56 B285S
100 _aBarton, L, ed.
245 0 _aSociological interpretations of schooling and classrooms: A reappraisal
260 _aNafferton
_bNafferton Books
_c1978
300 _a144 p.
942 _cBK
999 _c219555
_d219555